Global monitoring report 2006 : Millennium development goals strengthening mutual accountability, aid, trade, and governance

Saved in:
Bibliographic Details
Corporate Author: The World Bank
Format: Book
Language:Undetermined
Published: Washington The World Bank 2006
Subjects:
Tags: Add Tag
No Tags, Be the first to tag this record!
Institutions: Trung tâm Học liệu Trường Đại học Cần Thơ
LEADER 00599nam a2200193Ia 4500
001 CTU_103538
008 210402s9999 xx 000 0 und d
082 |a 338 
082 |b W927 
110 |a The World Bank 
245 0 |a Global monitoring report 2006 : 
245 0 |b Millennium development goals strengthening mutual accountability, aid, trade, and governance 
245 4 |c The World Bank 
260 |a Washington 
260 |b The World Bank 
260 |c 2006 
650 |a Economic development,Economic policy 
904 |i Năm 
980 |a Trung tâm Học liệu Trường Đại học Cần Thơ